000 00455nam a22001937a 4500
003 MPLRDC
005 20220104114604.0
008 210129b ||||| |||| 00| 0 eng d
020 _a962-04-0322-3
082 _a855 SC
100 _a苏晨著
245 _a小荷集
_c
250 _a一版一刷
260 _a
_b三联书店
_c1984
300 _b
490 _a回忆与随想文丛
650 _a散文;随笔、日记
942 _cBK
_o855 SC
999 _c8660
_d8650